| 000 | 00371nam a2200109Ia 4500 | ||
|---|---|---|---|
| 008 | 171211s9999 xx 000 0 und d | ||
| 245 | _aFrom Farm to Firm: Rural-Urban Transition in Developing Countries | ||
| 245 | _cForhad Shilpi, Katy Hull, Nora Dudwick, and Roy Katayama | ||
| 260 | _c2011 | ||
| 650 | _xBUSINESS | ||
| 856 | _uhttp://down.ebook777.com/063/0821386239.pdf | ||
| 999 |
_c349453 _d349453 |
||